| 000 | 00320cam a2200133 i 4500 | ||
|---|---|---|---|
| 020 | _a0304296090 (v. 1) : | ||
| 040 | _cDLC | ||
| 082 | 0 | 0 | _a823 CAS 1978 A096 Or. |
| 100 | 1 | _aMonsarrat, Nicholas, | |
| 245 | 1 | 4 | _aThe master mariner / |
| 260 |
_aLondon : _bCassell, _c1978-1980. |
||
| 300 |
_a2 v. ; _c23 cm. |
||
| 942 | _cEK | ||
| 999 |
_c14013 _d14013 |
||